000
00202nam a2200109Ia 4500
100
_a
SWAIN/JOSEPH.
942
_c
BK
245
_a
MUSICAL LANGUAGE.
260
_b
#N/A
546
_a
ENGLISH
999
_c
30218
_d
30218